000
00268nam a2200109Ia 4500
005
20251222154328.0
008
251222s9999||||xx |||||||||||||| ||spa||
020
_a
0-471-23550-4
082
_a
610.730.6/U61
245
0
_a
Dynamics of nursing administration
942
_c
LIB
999
_c
34040
_d
34040